<?xml version="1.0" encoding="UTF-8"?>
<record
    xmlns:xsi="http://www.w3.org/2001/XMLSchema-instance"
    xsi:schemaLocation="http://www.loc.gov/MARC21/slim http://www.loc.gov/standards/marcxml/schema/MARC21slim.xsd"
    xmlns="http://www.loc.gov/MARC21/slim">

  <leader>02291nam a2200289   4500</leader>
  <controlfield tag="003">NALT</controlfield>
  <controlfield tag="005">20250924154719.0</controlfield>
  <controlfield tag="008">250806b        th ||||| |||| 00| 0 tha d</controlfield>
  <datafield tag="020" ind1=" " ind2=" ">
    <subfield code="a">9786162837517</subfield>
  </datafield>
  <datafield tag="040" ind1=" " ind2=" ">
    <subfield code="a">NALT</subfield>
  </datafield>
  <datafield tag="050" ind1=" " ind2=" ">
    <subfield code="a">DS 567</subfield>
    <subfield code="b">&#xE28;528&#xE21; 2568</subfield>
  </datafield>
  <datafield tag="110" ind1="2" ind2=" ">
    <subfield code="a">&#xE01;&#xE23;&#xE21;&#xE28;&#xE34;&#xE25;&#xE1B;&#xE32;&#xE01;&#xE23;</subfield>
    <subfield code="b">&#xE2A;&#xE33;&#xE19;&#xE31;&#xE01;&#xE28;&#xE34;&#xE25;&#xE1B;&#xE32;&#xE01;&#xE23;&#xE17;&#xE35;&#xE48; 11 &#xE2A;&#xE07;&#xE02;&#xE25;&#xE32;.</subfield>
    <subfield code="9">66393</subfield>
  </datafield>
  <datafield tag="245" ind1="1" ind2="0">
    <subfield code="a">&#xE40;&#xE21;&#xE37;&#xE2D;&#xE07;&#xE42;&#xE1A;&#xE23;&#xE32;&#xE13;&#xE22;&#xE30;&#xE23;&#xE31;&#xE07; &#xE2D;&#xE33;&#xE40;&#xE20;&#xE2D;&#xE22;&#xE30;&#xE23;&#xE31;&#xE07; &#xE08;&#xE31;&#xE07;&#xE2B;&#xE27;&#xE31;&#xE14;&#xE1B;&#xE31;&#xE15;&#xE32;&#xE15;&#xE32;&#xE19;&#xE35; /</subfield>
    <subfield code="c">&#xE2A;&#xE33;&#xE19;&#xE31;&#xE01;&#xE28;&#xE34;&#xE25;&#xE1B;&#xE32;&#xE01;&#xE23;&#xE17;&#xE35;&#xE48; 11 &#xE2A;&#xE07;&#xE02;&#xE25;&#xE32; &#xE01;&#xE23;&#xE21;&#xE28;&#xE34;&#xE25;&#xE1B;&#xE32;&#xE01;&#xE23;.</subfield>
  </datafield>
  <datafield tag="260" ind1=" " ind2=" ">
    <subfield code="a">&#xE01;&#xE23;&#xE38;&#xE07;&#xE40;&#xE17;&#xE1E;&#xE2F; : </subfield>
    <subfield code="b">&#xE2A;&#xE33;&#xE19;&#xE31;&#xE01;&#xE28;&#xE34;&#xE25;&#xE1B;&#xE32;&#xE01;&#xE23;&#xE17;&#xE35;&#xE48; 11 &#xE2A;&#xE07;&#xE02;&#xE25;&#xE32; &#xE01;&#xE23;&#xE21;&#xE28;&#xE34;&#xE25;&#xE1B;&#xE32;&#xE01;&#xE23;, </subfield>
    <subfield code="c">2568.</subfield>
  </datafield>
  <datafield tag="300" ind1=" " ind2=" ">
    <subfield code="a">320 &#xE2B;&#xE19;&#xE49;&#xE32; : </subfield>
    <subfield code="b">&#xE20;&#xE32;&#xE1E;&#xE1B;&#xE23;&#xE30;&#xE01;&#xE2D;&#xE1A;, &#xE15;&#xE32;&#xE23;&#xE32;&#xE07;, &#xE41;&#xE1C;&#xE19;&#xE17;&#xE35;&#xE48; ;  </subfield>
    <subfield code="c">30 &#xE0B;&#xE21;. </subfield>
  </datafield>
  <datafield tag="505" ind1="2" ind2=" ">
    <subfield code="a">&#xE1A;&#xE17;&#xE19;&#xE33; &#xE2D;&#xE32;&#xE13;&#xE32;&#xE08;&#xE31;&#xE01;&#xE23;&#xE25;&#xE31;&#xE07;&#xE01;&#xE32;&#xE2A;&#xE38;&#xE01;&#xE30; -- &#xE1A;&#xE17;&#xE17;&#xE35;&#xE48; 1 &#xE40;&#xE21;&#xE37;&#xE2D;&#xE07;&#xE42;&#xE1A;&#xE23;&#xE32;&#xE13;&#xE22;&#xE30;&#xE23;&#xE31;&#xE07; -- &#xE1A;&#xE17;&#xE17;&#xE35;&#xE48; 2 &#xE01;&#xE32;&#xE23;&#xE2A;&#xE33;&#xE23;&#xE27;&#xE08;&#xE40;&#xE21;&#xE37;&#xE2D;&#xE07;&#xE42;&#xE1A;&#xE23;&#xE32;&#xE13;&#xE22;&#xE30;&#xE23;&#xE31;&#xE07; -- &#xE01;&#xE32;&#xE23;&#xE2A;&#xE33;&#xE23;&#xE27;&#xE08;&#xE17;&#xE32;&#xE07;&#xE42;&#xE1A;&#xE23;&#xE32;&#xE13;&#xE04;&#xE14;&#xE35; -- &#xE40;&#xE19;&#xE34;&#xE19;&#xE42;&#xE1A;&#xE23;&#xE32;&#xE13;&#xE2A;&#xE16;&#xE32;&#xE19;&#xE08;&#xE32;&#xE01;&#xE01;&#xE32;&#xE23;&#xE2A;&#xE33;&#xE23;&#xE27;&#xE08;&#xE43;&#xE19;&#xE1E;&#xE37;&#xE49;&#xE19;&#xE17;&#xE35;&#xE48;&#xE40;&#xE21;&#xE37;&#xE2D;&#xE07;&#xE42;&#xE1A;&#xE23;&#xE32;&#xE13;&#xE22;&#xE30;&#xE23;&#xE31;&#xE07; -- &#xE01;&#xE25;&#xE38;&#xE48;&#xE21;&#xE42;&#xE1A;&#xE23;&#xE32;&#xE13;&#xE2A;&#xE16;&#xE32;&#xE19;&#xE1A;&#xE49;&#xE32;&#xE19;&#xE1B;&#xE23;&#xE30;&#xE41;&#xE27; -- &#xE01;&#xE25;&#xE38;&#xE48;&#xE21;&#xE42;&#xE1A;&#xE23;&#xE32;&#xE13;&#xE2A;&#xE16;&#xE32;&#xE19;&#xE1A;&#xE49;&#xE32;&#xE19;&#xE08;&#xE32;&#xE40;&#xE25;&#xE30; -- &#xE01;&#xE25;&#xE38;&#xE48;&#xE21;&#xE42;&#xE1A;&#xE23;&#xE32;&#xE13;&#xE2A;&#xE16;&#xE32;&#xE19;&#xE1A;&#xE49;&#xE32;&#xE19;&#xE27;&#xE31;&#xE14; -- &#xE1A;&#xE17;&#xE17;&#xE35;&#xE48; 3 &#xE01;&#xE32;&#xE23;&#xE02;&#xE38;&#xE14;&#xE04;&#xE49;&#xE19;&#xE17;&#xE32;&#xE07;&#xE42;&#xE1A;&#xE23;&#xE32;&#xE13;&#xE04;&#xE14;&#xE35;.</subfield>
  </datafield>
  <datafield tag="650" ind1=" " ind2="4">
    <subfield code="a">&#xE42;&#xE1A;&#xE23;&#xE32;&#xE13;&#xE27;&#xE31;&#xE15;&#xE16;&#xE38;</subfield>
    <subfield code="z">&#xE44;&#xE17;&#xE22; (&#xE20;&#xE32;&#xE04;&#xE43;&#xE15;&#xE49;) </subfield>
    <subfield code="9">60912</subfield>
  </datafield>
  <datafield tag="651" ind1=" " ind2="4">
    <subfield code="a"> &#xE44;&#xE17;&#xE22; (&#xE20;&#xE32;&#xE04;&#xE43;&#xE15;&#xE49;)</subfield>
    <subfield code="x">&#xE42;&#xE1A;&#xE23;&#xE32;&#xE13;&#xE27;&#xE31;&#xE15;&#xE16;&#xE38;</subfield>
    <subfield code="9">49247</subfield>
  </datafield>
  <datafield tag="651" ind1=" " ind2="4">
    <subfield code="a">&#xE22;&#xE30;&#xE23;&#xE31;&#xE07; (&#xE1B;&#xE31;&#xE15;&#xE15;&#xE32;&#xE19;&#xE35;)</subfield>
    <subfield code="x">&#xE42;&#xE1A;&#xE23;&#xE32;&#xE13;&#xE27;&#xE31;&#xE15;&#xE16;&#xE38; </subfield>
    <subfield code="9">66416</subfield>
  </datafield>
  <datafield tag="653" ind1=" " ind2="4">
    <subfield code="a">&#xE40;&#xE21;&#xE37;&#xE2D;&#xE07;&#xE42;&#xE1A;&#xE23;&#xE32;&#xE13;&#xE22;&#xE30;&#xE23;&#xE31;&#xE07; (&#xE1B;&#xE31;&#xE15;&#xE15;&#xE32;&#xE19;&#xE35;)</subfield>
  </datafield>
  <datafield tag="942" ind1=" " ind2=" ">
    <subfield code="2">lcc</subfield>
    <subfield code="c">GB</subfield>
  </datafield>
  <datafield tag="996" ind1=" " ind2=" ">
    <subfield code="a">jidapa.t</subfield>
    <subfield code="b">ACQSTF</subfield>
    <subfield code="c">2025-08-06</subfield>
  </datafield>
  <datafield tag="996" ind1=" " ind2=" ">
    <subfield code="a">varee.k</subfield>
    <subfield code="b">LIBSTF</subfield>
    <subfield code="c">2025-08-06</subfield>
  </datafield>
  <datafield tag="996" ind1=" " ind2=" ">
    <subfield code="a">saiphon.d</subfield>
    <subfield code="b">CATSTF	</subfield>
    <subfield code="c">2025-08-07</subfield>
  </datafield>
  <datafield tag="999" ind1=" " ind2=" ">
    <subfield code="c">107042</subfield>
    <subfield code="d">107042</subfield>
  </datafield>
  <datafield tag="998" ind1=" " ind2=" ">
    <subfield code="j">111</subfield>
    <subfield code="k"> &#xE19;&#xE32;&#xE07;&#xE2A;&#xE32;&#xE27;&#xE1E;&#xE08;&#xE1E;&#xE34;&#xE13;  &#xE1E;&#xE23;&#xE21;&#xE40;&#xE2D;&#xE35;&#xE48;&#xE22;&#xE21;</subfield>
  </datafield>
  <datafield tag="952" ind1=" " ind2=" ">
    <subfield code="0">0</subfield>
    <subfield code="1">0</subfield>
    <subfield code="2">lcc</subfield>
    <subfield code="4">0</subfield>
    <subfield code="7">0</subfield>
    <subfield code="8">CGBL</subfield>
    <subfield code="a">NALT</subfield>
    <subfield code="b">NALT</subfield>
    <subfield code="c">GEN</subfield>
    <subfield code="d">2025-08-06</subfield>
    <subfield code="e">&#xE2B;&#xE19;&#xE48;&#xE27;&#xE22;&#xE07;&#xE32;&#xE19;&#xE20;&#xE32;&#xE04;&#xE23;&#xE31;&#xE10;</subfield>
    <subfield code="l">1</subfield>
    <subfield code="m">1</subfield>
    <subfield code="o">DS 567 &#xE28;528&#xE21; 2568</subfield>
    <subfield code="p">3961215522</subfield>
    <subfield code="r">2025-10-07 00:00:00</subfield>
    <subfield code="s">2025-09-24</subfield>
    <subfield code="w">2025-08-06</subfield>
    <subfield code="y">GB</subfield>
  </datafield>
</record>
